[Event "GRE-ch U16 Girls"]
[Site "Thessaloniki"]
[Date "2022.08.21"]
[Round "5"]
[White "Samara, Vasiliki"]
[Black "Papadokonstantaki, Aikaterini"]
[Result "0-1"]
[WhiteElo "1151"]
[BlackElo "1324"]
[PlyCount "80"]
[EventDate "2022.08.18"]
[EventType "swiss"]
[EventRounds "9"]
[EventCountry "GRE"]
[SourceTitle "EXT 2024"]
[Source "ChessBase"]
[SourceDate "2023.10.10"]
[SourceVersion "1"]
[SourceVersionDate "2023.10.10"]
[SourceQuality "1"]

1. d4 Nf6 2. c4 e6 3. Nc3 d5 4. cxd5 exd5 5. Bg5 Be7 6. e3 0-0 7. Bd3 Be6 8. Nf3 h6 9. Bh4 Nbd7 10. 0-0 b6 11. Bxf6 Bxf6 12. e4 c6 13. exd5 cxd5 14. h3 g6 15. Qd2 Bg7 16. Ne5 Nxe5 17. dxe5 Bxe5 18. Qxh6 Bg7 19. Qd2 Qh4 20. Ne2 Be5 21. f4 Bf6 22. Qe1 Qxe1 23. Raxe1 Bxb2 24. f5 gxf5 25. Bxf5 Rfe8 26. Bd3 d4 27. Rb1 Bc3 28. a3 Rac8 29. h4 Bc4 30. Bxc4 Rxc4 31. Ng3 d3 32. Nf5 Re6 33. h5 d2 34. Kh2 Rce4 35. Rf3 Re1 36. Rg3+ Kh8 37. Rb3 d1Q 38. Rg8+ Kxg8 39. Rxc3 Rh1+ 40. Kg3 Qe1+ 0-1

[Event "GRE-ch Schools Gym-C"]
[Site "Athen"]
[Date "2022.06.13"]
[Round "8"]
[White "Bantekas, Achilleas"]
[Black "Samara, Vasiliki"]
[Result "1-0"]
[WhiteElo "1562"]
[BlackElo "1151"]
[PlyCount "89"]
[EventDate "2022.06.12"]
[EventType "swiss"]
[EventRounds "9"]
[EventCountry "GRE"]
[SourceTitle "EXT 2023"]
[Source "ChessBase"]
[SourceDate "2022.10.05"]
[SourceVersion "1"]
[SourceVersionDate "2022.10.05"]
[SourceQuality "1"]

1. e4 c5 2. Nf3 e6 3. d4 cxd4 4. Nxd4 Nc6 5. Nc3 Qc7 6. g4 a6 7. h4 Bc5 8. Nb3 Ba7 9. Qe2 Nd4 10. Nxd4 Bxd4 11. Bd2 b5 12. a3 Bb7 13. 0-0-0 Ne7 14. Rh3 Bc6 15. f4 Rb8 16. Rd3 Bxc3 17. Bxc3 Qxf4+ 18. Kb1 Qxe4 19. Qxe4 Bxe4 20. Rxd7 Bf3 21. R1d2 Nd5 22. Ra7 Nxc3+ 23. bxc3 Bxg4 24. Rxa6 0-0 25. Ra5 h6 26. Rxb5 Rxb5+ 27. Bxb5 Rb8 28. a4 Bf3 29. Rf2 Bc6 30. c4 g5 31. Ka2 Bxb5 32. cxb5 Kg7 33. c4 Kg6 34. c5 gxh4 35. c6 Kg5 36. c7 Ra8 37. b6 Rxa4+ 38. Kb3 Ra8 39. b7 Re8 40. b8Q Rxb8+ 41. cxb8Q f5 42. Qg8+ Kf6 43. Qh8+ Kg5 44. Rg2+ Kh5 45. Qe8# 1-0